| 000 | 01064nam0a22003491 4500 | ||
|---|---|---|---|
| 001 | RU\NLR\A1SV\47713 | ||
| 005 | 20251203171251.9 | ||
| 035 | _a(NLR Aleph) 009729784 | ||
| 090 |
_a9904669 _c9904669 |
||
| 100 | _a20031008d1926 u y0rusy50 ca | ||
| 101 | 0 | _arus | |
| 102 | _aRU | ||
| 200 | 1 |
_aОбзор режима рек СССР за 1924-1925 г.г. _fП.В.Иванов _gГос. гидролог. ин-т |
|
| 210 |
_aЛ. _cТип. "Авиоизд-ва" _d1926 |
||
| 215 |
_a10, [1] с., [5] л. к. _d26 см |
||
| 620 | _dСанкт-Петербург | ||
| 700 | 1 |
_7ca _8rus _aИванов _bП. В. _cгидролог _f1886- _gПетр Владимирович _9262778 _3RU\NLR\AUTH\770262834 |
|
| 801 | 0 |
_aRU _bNLR _c20031008 |
|
| 852 |
_aNLR _j35/1656 |
||
| 852 |
_aNLR _j35/1656а |
||
| 899 | _aВСИАХМЗ | ||
| 899 | _aРКП | ||
| 899 | _aНБ ТГУ | ||
| 899 | _aРГБ | ||
| 899 | _aБАН | ||
| 899 | _aНБУВ | ||
| 899 | _aКирОУНБ | ||
| 899 | _aНБ Бел. | ||
| 942 | _cBOOK | ||
| 980 | _aNB | ||
| 980 | _aA1SV | ||